000 00526nam a22001937a 4500
003 MPLRDC
005 20220104144541.0
008 210129b ||||| |||| 00| 0 eng d
020 _a957-13-3901-6
082 _a861.57 CSCS-16 v.2
100 _a村上春树、和田诚著
245 _a爵士群像, 2
_c赖明珠译
250 _a初版
260 _a
_b时报文化出版企业股份有限公司
_c2003
300 _b
490 _a篮小说. 936
650 _a日本现代小说
942 _cBK
_o861.57 CSCS-16 v.2
999 _c50706
_d50696